Oscars 60 anos (Record no. 43854)

MARC details
000 -Etiqueta do registo
Valores 00367nam a2200157 4500
100 ## - Dados gerais de processamento
Dados gerais 20241113 pory50
101 ## - Língua de publicação
Língua por
102 ## - País de publicação
País PT
200 ## - Titulo e menção de responsabilidade
Título próprio Oscars 60 anos
Primeira menção de responsabilidade Cinemateca Portuguesa
210 ## - Publicação
Local de publicação [Lisboa]
Nome do editor Cinemateca Portuguesa
Data de publicação [D.l. 1987]
215 ## - Descrição física 
Paginação / Volumes 199, [1] p.
675 ## - CDU
Notação 791
801 ## - Fonte de origem
País PT
Regras de catalogação RPC
990 ## - Elementos KOHA
Tipo de documento Livro
Holdings
Aquisição Empréstimo Código de barras Cota Permissão de empréstimo Tipo de documento
Biblioteca Municipal de Redondo Biblioteca Municipal de Redondo 051573 791 CIN   Livro

Powered by Koha